[Event "PMPJ 2022 - D15"]
[Site "Jastrzebia Gora"]
[Date "2022.11.13"]
[Round "9.4"]
[White "Bauer, Maja"]
[Black "Makarec, Anna"]
[Result "1/2-1/2"]
[BlackElo "1316"]
[WhiteElo "1300"]
[LiveChessVersion "1.4.8"]

1. e4 e5 2. Nf3 Nc6 3. Bc4 Bc5 4. d3 Nf6 5. Nbd2 d6 6. c3 O-O 7. O-O Ne7 8. Re1
Bb6 9. Nf1 Ng6 10. Ng3 c6 11. Bb3 h6 12. h3 Re8 13. Qc2 d5 14. exd5 cxd5 15. Bd2
Qc7 16. Be3 Bd7 17. Bxb6 Qxb6 18. Rad1 a5 19. a4 Qd6 20. Qd2 b5 21. axb5 a4 22.
Ba2 Bxb5 23. c4 Bc6 24. cxd5 Bxd5 25. Bxd5 Qxd5 26. Ne4 Nxe4 27. dxe4 Qb3 28. Re3
Qb6 29. Ra3 Red8 30. Qc2 Rxd1+ 31. Qxd1 Qxb2 32. Rxa4 Rxa4 33. Qxa4 Qc1+ 34. Kh2
1/2-1/2

[Event "PMPJ 2022 - D15"]
[Site "Jastrzebia Gora"]
[Date "2022.11.13"]
[Round "9.5"]
[White "Dura, Anna"]
[Black "Zgoda, Aleksandra"]
[Result "1/2-1/2"]
[BlackElo "1277"]
[WhiteElo "1190"]
[LiveChessVersion "1.4.8"]

1. c4 {[%clk 1:30:57]} Nf6 {[%clk 1:30:55]} 2. Nc3 {[%clk 1:31:19]} c5
{[%clk 1:31:11]} 3. g3 {[%clk 1:31:42]} Nc6 {[%clk 1:31:17]} 4. Bg2
{[%clk 1:31:43]} g6 {[%clk 1:30:43]} 5. Nf3 {[%clk 1:30:40]} Bg7 {[%clk 1:29:57]}
6. O-O {[%clk 1:30:04]} O-O {[%clk 1:28:35]} 7. d4 {[%clk 1:28:35]} cxd4
{[%clk 1:22:37]} 8. Nxd4 {[%clk 1:28:33]} Nxd4 {[%clk 1:18:39]} 9. Qxd4
{[%clk 1:28:51]} d6 {[%clk 1:16:14]} 10. Qd2 {[%clk 1:19:56]} Qc7
{[%clk 1:11:29]} 11. Nd5 {[%clk 1:15:36]} Nxd5 {[%clk 1:11:11]} 12. Qxd5
{[%clk 1:14:41]} Be6 {[%clk 1:09:48]} 13. Qxb7 {[%clk 1:13:29]} Qxb7
{[%clk 1:09:37]} 14. Bxb7 {[%clk 1:13:49]} Rab8 {[%clk 1:10:01]} 15. Bd5
{[%clk 1:13:19]} Bxb2 {[%clk 1:04:29]} 16. Bxb2 {[%clk 1:13:02]} Rxb2
{[%clk 1:04:57]} 17. Rfe1 {[%clk 1:09:12]} Rc8 {[%clk 1:02:57]} 18. a4
{[%clk 1:02:35]} Bxd5 {[%clk 1:00:13]} 19. cxd5 {[%clk 1:02:50]} Rcc2
{[%clk 1:00:16]} 20. Kf1 {[%clk 1:01:33]} Ra2 {[%clk 0:59:43]} 21. h4
{[%clk 0:56:49]} Rxe2 {[%clk 0:59:09]} 22. Rxe2 {[%clk 0:56:47]} Rxa1+
{[%clk 0:59:37]} 23. Kg2 {[%clk 0:57:06]} Rxa4 {[%clk 0:59:17]} 24. Rxe7
{[%clk 0:57:02]} Ra5 {[%clk 0:59:12]} 25. Rd7 {[%clk 0:55:50]} Rxd5
{[%clk 0:58:48]} 26. Rxa7 {[%clk 0:56:08]} Kg7 {[%clk 0:57:36]} 27. Kf3
{[%clk 0:55:22]} Kf6 {[%clk 0:56:45]} 28. Ke4 {[%clk 0:50:34]} Re5+
{[%clk 0:52:53]} 29. Kd3 {[%clk 0:48:10]} Re7 {[%clk 0:51:36]} 30. Ra5
{[%clk 0:45:28]} Re5 {[%clk 0:49:29]} 31. Ra7 {[%clk 0:41:56]} Ke6
{[%clk 0:47:58]} 32. Ra8 {[%clk 0:37:56]} Rd5+ {[%clk 0:41:07]} 33. Ke3
{[%clk 0:35:51]} h5 {[%clk 0:36:07]} 34. Re8+ {[%clk 0:32:45]} Kf5
{[%clk 0:35:12]} 35. Rd8 {[%clk 0:28:32]} Re5+ {[%clk 0:26:48]} 36. Kd4
{[%clk 0:27:05]} Re2 {[%clk 0:25:14]} 37. Rxd6 {[%clk 0:24:33]} Rxf2
{[%clk 0:25:29]} 38. Ke3 {[%clk 0:23:11]} Ra2 {[%clk 0:24:16]} 39. Rd4
{[%clk 0:22:45]} Ra3+ {[%clk 0:21:51]} 40. Kf2 {[%clk 0:22:46]} Ra6
{[%clk 0:20:19]} 41. Rf4+ {[%clk 0:22:17]} Ke6 {[%clk 0:19:41]} 42. Re4+
{[%clk 0:22:04]} Kf6 {[%clk 0:20:01]} 43. Kf3 {[%clk 0:21:26]} g5
{[%clk 0:16:31]} 44. hxg5+ {[%clk 0:18:39]} Kxg5 {[%clk 0:16:58]} 45. Re5+
{[%clk 0:17:11]} f5 {[%clk 0:16:20]} 46. Re8 {[%clk 0:17:15]} Ra3+
{[%clk 0:13:10]} 47. Kg2 {[%clk 0:16:48]} Ra7 {[%clk 0:12:14]} 48. Rg8+
{[%clk 0:16:52]} Kf6 {[%clk 0:12:39]} 49. Rh8 {[%clk 0:17:01]} Kg6
{[%clk 0:13:04]} 50. Kh3 {[%clk 0:16:37]} Rh7 {[%clk 0:11:38]} 51. Rg8+
{[%clk 0:16:51]} Rg7 {[%clk 0:11:56]} 52. Rh8 {[%clk 0:16:15]} Kg5
{[%clk 0:11:37]} 53. Rf8 {[%clk 0:15:42]} Rg6 {[%clk 0:11:46]} 54. Rh8
{[%clk 0:15:52]} Rh6 {[%clk 0:10:40]} 1/2-1/2

[Event "PMPJ 2022 - D15"]
[Site "Jastrzebia Gora"]
[Date "2022.11.13"]
[Round "9.6"]
[White "Danek, Wiktoria"]
[Black "Sliwicka, Weronika"]
[Result "1/2-1/2"]
[BlackElo "1265"]
[WhiteElo "1132"]
[LiveChessVersion "1.4.8"]

1. d4 {[%clk 1:30:57]} d5 {[%clk 1:30:55]} 2. Nf3 {[%clk 1:31:17]} Nf6
{[%clk 1:30:39]} 3. Bf4 {[%clk 1:30:26]} e6 {[%clk 1:30:03]} 4. e3
{[%clk 1:30:04]} c5 {[%clk 1:28:30]} 5. c3 {[%clk 1:27:28]} Nc6 {[%clk 1:26:13]}
6. Be2 {[%clk 1:25:27]} Qb6 {[%clk 1:25:16]} 7. Qc2 {[%clk 1:23:03]} Bd7
{[%clk 1:21:59]} 8. Nbd2 {[%clk 1:15:32]} Rc8 {[%clk 1:19:53]} 9. Qb3
{[%clk 1:11:34]} Qxb3 {[%clk 1:20:01]} 10. Nxb3 {[%clk 1:11:06]} c4
{[%clk 1:20:27]} 11. Nbd2 {[%clk 1:11:24]} b5 {[%clk 1:19:26]} 12. Bg5
{[%clk 1:07:19]} b4 {[%clk 1:18:37]} 13. O-O {[%clk 0:57:35]} a5 {[%clk 1:16:40]}
14. Rfc1 {[%clk 0:52:39]} Bd6 {[%clk 1:15:50]} 15. Ne1 {[%clk 0:45:43]} e5
{[%clk 1:11:44]} 16. dxe5 {[%clk 0:42:35]} Bxe5 {[%clk 1:09:05]} 17. Nef3
{[%clk 0:39:20]} Bd6 {[%clk 1:07:28]} 18. Nd4 {[%clk 0:38:25]} Nxd4
{[%clk 1:03:57]} 19. exd4 {[%clk 0:38:51]} h6 {[%clk 1:04:12]} 20. Bxf6
{[%clk 0:35:38]} gxf6 {[%clk 1:04:36]} 21. Re1 {[%clk 0:35:26]} Be6
{[%clk 1:04:54]} 22. Bf3 {[%clk 0:31:34]} Kd7 {[%clk 1:05:08]} 23. Nf1
{[%clk 0:31:36]} Kc6 {[%clk 1:01:23]} 24. Ne3 {[%clk 0:31:22]} Rb8
{[%clk 0:59:33]} 25. Nxc4 {[%clk 0:30:36]} Bc7 {[%clk 0:54:23]} 26. Ne3
{[%clk 0:27:52]} Kd6 {[%clk 0:49:38]} 27. Ng4 {[%clk 0:24:18]} f5
{[%clk 0:49:01]} 28. Ne5 {[%clk 0:23:33]} Bb6 {[%clk 0:48:24]} 29. Nd3
{[%clk 0:22:22]} Ba7 {[%clk 0:43:31]} 30. Nf4 {[%clk 0:21:39]} Rhc8
{[%clk 0:41:06]} 31. Ne2 {[%clk 0:20:20]} a4 {[%clk 0:38:57]} 32. Rec1
{[%clk 0:19:35]} a3 {[%clk 0:38:21]} 33. bxa3 {[%clk 0:19:00]} bxc3
{[%clk 0:37:50]} 34. Rxc3 {[%clk 0:18:06]} Rxc3 {[%clk 0:38:16]} 35. Nxc3
{[%clk 0:18:33]} Bxd4 {[%clk 0:38:37]} 36. Rb1 {[%clk 0:18:23]} Rxb1+
{[%clk 0:38:31]} 37. Nxb1 {[%clk 0:18:52]} Bb2 {[%clk 0:34:32]} 38. a4
{[%clk 0:17:49]} Kc5 {[%clk 0:33:52]} 39. Bd1 {[%clk 0:17:02]} d4
{[%clk 0:33:07]} 40. Bc2 {[%clk 0:16:16]} Bxa2 {[%clk 0:31:38]} 41. Bxf5
{[%clk 0:16:35]} Kb4 {[%clk 0:31:07]} 42. Kf1 {[%clk 0:15:10]} Kxa4
{[%clk 0:30:55]} 43. Nd2 {[%clk 0:14:50]} Bc3 {[%clk 0:31:10]} 44. Ke2
{[%clk 0:14:17]} Bxd2 {[%clk 0:31:01]} 45. Kxd2 {[%clk 0:14:45]} Kb4
{[%clk 0:31:25]} 46. Bc2 {[%clk 0:14:13]} Kc5 {[%clk 0:30:18]} 47. Kd3
{[%clk 0:12:18]} Bc4+ {[%clk 0:30:34]} 48. Kd2 {[%clk 0:12:41]} Kd5
{[%clk 0:30:54]} 49. h4 {[%clk 0:12:17]} Ke5 {[%clk 0:31:09]} 50. g3
{[%clk 0:12:02]} Kd5 {[%clk 0:28:30]} 51. f4 {[%clk 0:10:30]} Kd6
{[%clk 0:27:54]} 52. g4 {[%clk 0:10:24]} f6 {[%clk 0:28:09]} 53. Bd3
{[%clk 0:09:01]} Be6 {[%clk 0:27:37]} 54. g5 {[%clk 0:07:53]} fxg5
{[%clk 0:26:58]} 55. fxg5 {[%clk 0:08:11]} hxg5 {[%clk 0:27:17]} 56. hxg5
{[%clk 0:08:37]} Ke7 {[%clk 0:27:36]} 57. Be4 {[%clk 0:08:47]} Bc4
{[%clk 0:27:39]} 58. Bd3 {[%clk 0:09:05]} Bd5 {[%clk 0:28:00]} 59. Bf5
{[%clk 0:09:05]} 1/2-1/2

[Event "PMPJ 2022 - D15"]
[Site "Jastrzebia Gora"]
[Date "2022.11.13"]
[Round "9.7"]
[White "Idzior, Izabela"]
[Black "Michalska, Anna-maria"]
[Result "0-1"]
[BlackElo "1288"]
[WhiteElo "1172"]
[LiveChessVersion "1.4.8"]

1. e4 {[%clk 1:30:58]} e6 {[%clk 1:30:55]} 2. d4 {[%clk 1:31:21]} d5
{[%clk 1:31:22]} 3. e5 {[%clk 1:29:59]} c5 {[%clk 1:29:50]} 4. c3
{[%clk 1:30:22]} Nc6 {[%clk 1:29:58]} 5. Nf3 {[%clk 1:30:47]} a6 {[%clk 1:28:35]}
6. Be2 {[%clk 1:29:03]} cxd4 {[%clk 1:28:39]} 7. cxd4 {[%clk 1:29:19]} Bb4+
{[%clk 1:27:07]} 8. Nc3 {[%clk 1:25:35]} Nge7 {[%clk 1:24:39]} 9. a3
{[%clk 1:23:00]} Bxc3+ {[%clk 1:22:43]} 10. bxc3 {[%clk 1:23:26]} Na5
{[%clk 1:17:24]} 11. O-O {[%clk 1:22:21]} Nc4 {[%clk 1:16:14]} 12. Qc2
{[%clk 1:16:48]} Bd7 {[%clk 1:11:40]} 13. Nd2 {[%clk 1:10:57]} b5
{[%clk 1:10:32]} 14. Nxc4 {[%clk 1:10:33]} dxc4 {[%clk 1:10:16]} 15. f4 h5
{[%clk 1:00:48]} 16. Bf3 {[%clk 1:06:17]} Rb8 {[%clk 0:57:23]} 17. Qe2
{[%clk 1:03:24]} g6 {[%clk 0:55:17]} 18. h3 {[%clk 1:03:24]} Bc6 19. Bxc6+
{[%clk 0:55:33]} Nxc6 {[%clk 0:55:44]} 20. Qf3 {[%clk 0:51:53]} Ne7
{[%clk 0:54:19]} 21. g4 {[%clk 0:51:17]} hxg4 {[%clk 0:53:52]} 22. hxg4 Qd5
{[%clk 0:54:17]} 23. Qxd5 {[%clk 0:50:50]} Nxd5 {[%clk 0:46:58]} 24. Bd2
{[%clk 0:45:33]} Rh3 {[%clk 0:46:42]} 25. Kg2 {[%clk 0:42:52]} Rd3
{[%clk 0:45:35]} 26. Rfd1 {[%clk 0:43:13]} Nxc3 {[%clk 0:45:51]} 27. Bxc3 Rxc3
28. d5 {[%clk 0:43:21]} exd5 {[%clk 0:45:54]} 29. Rxd5 {[%clk 0:43:10]} Rd8
{[%clk 0:46:08]} 30. Rxd8+ {[%clk 0:41:32]} Kxd8 {[%clk 0:46:33]} 31. a4
{[%clk 0:40:31]} b4 {[%clk 0:45:42]} 32. Rd1+ {[%clk 0:40:53]} Rd3
{[%clk 0:45:59]} 0-1

[Event "PMPJ 2022 - D15"]
[Site "Jastrzebia Gora"]
[Date "2022.11.13"]
[Round "9.8"]
[White "Butkiewicz, Hanna"]
[Black "Racis, Dominika"]
[Result "0-1"]
[BlackElo "1248"]
[WhiteElo "1117"]
[LiveChessVersion "1.4.8"]

1. e4 {[%clk 1:30:58]} e6 {[%clk 1:30:40]} 2. Nc3 {[%clk 1:31:23]} d5
{[%clk 1:30:52]} 3. d4 {[%clk 1:31:44]} Bb4 {[%clk 1:31:09]} 4. exd5
{[%clk 1:31:57]} exd5 {[%clk 1:30:59]} 5. Bd2 {[%clk 1:32:20]} Be6
{[%clk 1:29:36]} 6. Nf3 {[%clk 1:32:17]} Ne7 {[%clk 1:28:25]} 7. Be2
{[%clk 1:32:24]} Nbc6 {[%clk 1:20:29]} 8. O-O {[%clk 1:32:30]} Bxc3
{[%clk 1:17:34]} 9. Bxc3 {[%clk 1:32:50]} O-O {[%clk 1:17:19]} 10. Ng5
{[%clk 1:27:15]} Bf5 {[%clk 1:10:04]} 11. Nf3 {[%clk 1:27:07]} Ng6
{[%clk 1:07:14]} 12. Bd3 {[%clk 1:24:49]} Bg4 {[%clk 1:00:46]} 13. h3
{[%clk 1:25:03]} Bxf3 {[%clk 1:00:37]} 14. Qxf3 {[%clk 1:25:16]} Kh8
{[%clk 0:53:48]} 15. Bxg6 {[%clk 1:24:34]} fxg6 {[%clk 0:53:44]} 16. Qd3
{[%clk 1:23:48]} Ne7 {[%clk 0:47:50]} 17. Bb4 {[%clk 1:22:46]} Rf7
{[%clk 0:45:29]} 18. Bxe7 {[%clk 1:22:16]} Qxe7 {[%clk 0:45:28]} 19. a3
{[%clk 1:18:47]} Raf8 {[%clk 0:44:52]} 20. Qd2 {[%clk 1:16:57]} Qh4
{[%clk 0:41:47]} 21. Rae1 {[%clk 1:16:22]} c6 {[%clk 0:38:23]} 22. Re5
{[%clk 1:16:34]} h6 {[%clk 0:37:26]} 23. Qe3 {[%clk 1:16:02]} Kh7
{[%clk 0:33:59]} 24. Re6 {[%clk 1:09:16]} Rf5 {[%clk 0:28:08]} 25. Re5
{[%clk 1:07:42]} Kh8 {[%clk 0:14:22]} 26. Rxf5 {[%clk 1:05:05]} gxf5
{[%clk 0:14:15]} 27. f4 {[%clk 1:02:32]} Kh7 {[%clk 0:11:27]} 28. Qb3
{[%clk 1:02:24]} Rf7 {[%clk 0:11:09]} 29. Qd3 {[%clk 1:01:23]} g6
{[%clk 0:09:53]} 30. Kh2 {[%clk 1:01:06]} Re7 {[%clk 0:09:19]} 31. g3
{[%clk 1:00:33]} Qf6 {[%clk 0:08:07]} 32. c3 {[%clk 1:00:07]} Re4
{[%clk 0:08:06]} 33. Rf2 {[%clk 0:59:54]} Qe6 {[%clk 0:08:09]} 34. h4
{[%clk 0:58:26]} Re3 {[%clk 0:07:02]} 35. Qd2 {[%clk 0:53:21]} Qe4
{[%clk 0:04:02]} 36. Rg2 {[%clk 0:49:24]} Kg7 {[%clk 0:01:43]} 37. a4
{[%clk 0:46:19]} Kf6 {[%clk 0:00:47]} 38. Qf2 {[%clk 0:44:25]} Rf3
{[%clk 0:00:39]} 39. Qe2 {[%clk 0:43:46]} Re3 {[%clk 0:00:50]} 40. Qf2
{[%clk 0:44:03]} Rf3 {[%clk 0:00:34]} 41. Qe2 {[%clk 0:43:57]} Re3
{[%clk 0:01:01]} 42. Qd2 {[%clk 0:43:34]} Rd3 {[%clk 0:00:35]} 43. Qc1
{[%clk 0:42:43]} Qf3 {[%clk 0:00:42]} 44. Qc2 {[%clk 0:42:28]} Re3
{[%clk 0:00:55]} 45. Qd2 {[%clk 0:41:55]} Qe4 {[%clk 0:00:37]} 46. a5
{[%clk 0:37:09]} a6 {[%clk 0:00:59]} 47. Qf2 {[%clk 0:34:48]} Qd3
{[%clk 0:01:22]} 48. Qc2 {[%clk 0:34:03]} Rxg3 {[%clk 0:01:02]} 49. Qxd3
{[%clk 0:34:03]} Rxd3 {[%clk 0:01:29]} 50. Re2 {[%clk 0:34:20]} Kf7
{[%clk 0:01:22]} 51. Kg2 {[%clk 0:34:20]} Rd1 {[%clk 0:01:17]} 52. Kh3
{[%clk 0:34:24]} Ra1 {[%clk 0:01:28]} 53. b4 Rg1 {[%clk 0:01:24]} 54. Rf2
{[%clk 0:34:20]} Rg4 {[%clk 0:01:32]} 55. Rf3 {[%clk 0:34:37]} Kf6
{[%clk 0:01:47]} 56. Rf2 {[%clk 0:34:40]} g5 {[%clk 0:01:50]} 57. hxg5+
{[%clk 0:34:59]} hxg5 {[%clk 0:02:13]} 58. fxg5+ {[%clk 0:35:21]} Kxg5
{[%clk 0:02:22]} 59. Rf3 {[%clk 0:35:33]} Re4 {[%clk 0:01:57]} 60. Kg3
{[%clk 0:35:41]} f4+ {[%clk 0:01:59]} 61. Kf2 {[%clk 0:35:39]} Kg4
{[%clk 0:01:12]} 62. Rd3 {[%clk 0:35:39]} Re6 {[%clk 0:01:07]} 63. Rf3
{[%clk 0:35:39]} Rh6 {[%clk 0:01:20]} 64. Rd3 {[%clk 0:35:54]} Rh2+
{[%clk 0:01:38]} 65. Kg1 {[%clk 0:36:09]} Rc2 {[%clk 0:01:49]} 66. Kf1
{[%clk 0:36:18]} f3 {[%clk 0:01:47]} 67. Kg1 {[%clk 0:36:22]} Kg3
{[%clk 0:02:05]} 0-1

[Event "PMPJ 2022 - D15"]
[Site "Jastrzebia Gora"]
[Date "2022.11.13"]
[Round "9.9"]
[White "Markowska, Kalina"]
[Black "Para, Aleksandra"]
[Result "1-0"]
[BlackElo "1204"]
[WhiteElo "1246"]
[LiveChessVersion "1.4.8"]

1. e4 {[%clk 1:30:58]} c5 {[%clk 1:31:29]} 2. Nf3 {[%clk 1:31:20]} d6
{[%clk 1:31:50]} 3. d4 {[%clk 1:31:39]} cxd4 {[%clk 1:32:18]} 4. Nxd4
{[%clk 1:32:00]} Nf6 {[%clk 1:32:40]} 5. Nc3 {[%clk 1:32:17]} a6 {[%clk 1:33:01]}
6. Bg5 {[%clk 1:32:06]} e6 {[%clk 1:32:15]} 7. f4 {[%clk 1:30:55]} Be7
{[%clk 1:32:04]} 8. Be2 {[%clk 1:16:16]} h6 {[%clk 1:27:15]} 9. Bh4
{[%clk 1:16:21]} Qc7 {[%clk 1:18:32]} 10. Bf2 {[%clk 1:09:17]} e5
{[%clk 1:12:25]} 11. fxe5 {[%clk 1:06:57]} dxe5 {[%clk 1:12:48]} 12. Nf3
{[%clk 1:04:53]} Be6 {[%clk 1:11:32]} 13. O-O {[%clk 1:03:38]} O-O
{[%clk 1:06:24]} 14. Bg3 {[%clk 0:52:49]} Bd6 {[%clk 1:03:10]} 15. Kh1
{[%clk 0:43:06]} Rd8 {[%clk 1:00:40]} 16. Qe1 {[%clk 0:40:11]} Nc6
{[%clk 0:59:20]} 17. a3 {[%clk 0:39:17]} Rac8 {[%clk 0:48:27]} 18. Rd1
{[%clk 0:38:45]} Rd7 {[%clk 0:41:32]} 19. Bf2 {[%clk 0:20:34]} Rdd8
{[%clk 0:36:24]} 20. Nh4 {[%clk 0:19:03]} Ne7 {[%clk 0:22:44]} 21. Be3
{[%clk 0:18:25]} Kh7 {[%clk 0:17:13]} 22. Bd3 {[%clk 0:16:02]} Neg8
{[%clk 0:15:39]} 23. Nd5 {[%clk 0:15:29]} Bxd5 {[%clk 0:15:21]} 24. exd5+
{[%clk 0:15:32]} e4 {[%clk 0:13:05]} 25. Be2 {[%clk 0:13:48]} Bxh2
{[%clk 0:13:00]} 26. Nf5 {[%clk 0:12:13]} Be5 {[%clk 0:10:50]} 27. Qh4
{[%clk 0:11:19]} Qd7 {[%clk 0:07:17]} 28. g4 {[%clk 0:09:03]} g5 {[%clk 0:02:06]}
29. Bxg5 {[%clk 0:08:19]} Kg6 {[%clk 0:01:24]} 30. Nxh6 {[%clk 0:02:17]} Rf8
{[%clk 0:00:00]} 31. d6 1-0

[Event "PMPJ 2022- D17"]
[Site "Jastrzebia Gora"]
[Date "2022.11.06"]
[Round "1.1"]
[White "Samol, Julia"]
[Black "Bychowska, Marta"]
[Result "0-1"]
[BlackElo "1481"]
[WhiteElo "1312"]
[LiveChessVersion "1.4.8"]

1. e4 {[%clk 1:30:57]} c6 {[%clk 1:30:56]} 2. d4 {[%clk 1:31:21]} d5
{[%clk 1:31:21]} 3. Nc3 {[%clk 1:31:44]} dxe4 {[%clk 1:31:44]} 4. Nxe4
{[%clk 1:32:09]} Bf5 {[%clk 1:32:08]} 5. Ng3 {[%clk 1:32:31]} Bg6
{[%clk 1:32:33]} 6. h4 {[%clk 1:32:43]} h6 {[%clk 1:32:57]} 7. Nf3
{[%clk 1:33:04]} Nd7 {[%clk 1:33:14]} 8. h5 {[%clk 1:33:11]} Bh7 {[%clk 1:33:38]}
9. Bd3 {[%clk 1:33:36]} Bxd3 {[%clk 1:34:03]} 10. Qxd3 {[%clk 1:34:02]} e6
{[%clk 1:34:14]} 11. Bd2 {[%clk 1:32:02]} Ngf6 {[%clk 1:33:33]} 12. Ne4
{[%clk 1:26:19]} Qc7 {[%clk 1:29:45]} 13. O-O-O {[%clk 1:19:50]} O-O-O
{[%clk 1:29:15]} 14. Kb1 {[%clk 1:16:58]} c5 {[%clk 1:13:45]} 15. Rh4
{[%clk 0:47:32]} Nxe4 {[%clk 1:09:56]} 16. Qxe4 {[%clk 0:43:16]} Nf6
{[%clk 1:07:48]} 17. Qe2 {[%clk 0:41:49]} Kb8 {[%clk 0:38:10]} 18. dxc5
{[%clk 0:32:30]} Bxc5 {[%clk 0:35:33]} 19. Rc4 {[%clk 0:28:28]} Qb6
{[%clk 0:32:21]} 20. Ne5 {[%clk 0:20:24]} Rhf8 {[%clk 0:29:08]} 21. Nd3
{[%clk 0:19:52]} Be7 {[%clk 0:28:10]} 22. Bf4+ {[%clk 0:17:32]} Bd6
{[%clk 0:26:50]} 23. Rb4 {[%clk 0:13:24]} Qa6 {[%clk 0:21:03]} 24. Qf3 Bxf4
{[%clk 0:16:53]} 25. Qxf4+ {[%clk 0:10:20]} Qd6 {[%clk 0:17:12]} 26. Rxb7+
{[%clk 0:06:53]} Kxb7 {[%clk 0:16:40]} 27. Nc5+ {[%clk 0:07:18]} Qxc5
{[%clk 0:17:05]} 28. Qf3+ {[%clk 0:07:02]} Qc6 {[%clk 0:17:07]} 29. Qb3+
{[%clk 0:07:23]} Kc8 {[%clk 0:16:33]} 30. Re1 {[%clk 0:07:17]} Rd2
{[%clk 0:16:30]} 0-1

[Event "PMPJ 2022- D17"]
[Site "Jastrzebia Gora"]
[Date "2022.11.06"]
[Round "1.2"]
[White "Gaczol, Julia"]
[Black "Lopusiewicz, Marta"]
[Result "1-0"]
[BlackElo "1270"]
[WhiteElo "1466"]
[LiveChessVersion "1.4.8"]

1. e4 {[%clk 1:30:56]} c6 {[%clk 1:30:56]} 2. d4 {[%clk 1:31:20]} d5
{[%clk 1:31:22]} 3. e5 {[%clk 1:31:42]} c5 {[%clk 1:31:42]} 4. dxc5
{[%clk 1:31:46]} e6 {[%clk 1:31:47]} 5. Be3 {[%clk 1:27:35]} Nd7 {[%clk 1:31:18]}
6. Bb5 {[%clk 1:20:41]} Ne7 {[%clk 1:31:01]} 7. f4 {[%clk 1:12:38]} Qa5+
{[%clk 1:24:30]} 8. Nc3 {[%clk 1:12:05]} Nf5 {[%clk 1:24:40]} 9. Bf2
{[%clk 1:09:38]} a6 {[%clk 1:24:35]} 10. c6 {[%clk 1:02:02]} bxc6
{[%clk 1:05:18]} 11. Bxc6 {[%clk 1:01:24]} Rb8 {[%clk 1:04:54]} 12. Rb1
{[%clk 0:59:22]} Rxb2 {[%clk 0:56:21]} 13. Nge2 {[%clk 0:57:13]} Bb4
{[%clk 0:51:23]} 14. O-O {[%clk 0:25:03]} Bxc3 {[%clk 0:49:41]} 15. Bxd7+
{[%clk 0:15:37]} Bxd7 {[%clk 0:49:55]} 16. Qd3 {[%clk 0:13:12]} Rxb1
{[%clk 0:41:00]} 17. Rxb1 {[%clk 0:13:38]} Bxe5 {[%clk 0:41:24]} 18. fxe5
{[%clk 0:12:15]} O-O {[%clk 0:41:32]} 19. Rb2 {[%clk 0:06:11]} Rc8
{[%clk 0:38:41]} 20. Nd4 {[%clk 0:04:54]} Nxd4 {[%clk 0:35:34]} 21. Qxd4
{[%clk 0:05:19]} Bb5 {[%clk 0:33:50]} 22. Qe3 {[%clk 0:02:21]} h6
{[%clk 0:33:06]} 23. h3 {[%clk 0:02:13]} Qc3 {[%clk 0:31:57]} 24. Qd4
{[%clk 0:01:42]} Rc4 {[%clk 0:31:17]} 25. Qxc3 {[%clk 0:01:59]} Rxc3
{[%clk 0:31:41]} 26. Bd4 {[%clk 0:02:23]} Rc6 {[%clk 0:27:50]} 27. c3
{[%clk 0:02:27]} Kh7 {[%clk 0:27:43]} 28. Rf2 {[%clk 0:02:45]} Kg8
{[%clk 0:24:56]} 29. Rf3 {[%clk 0:01:58]} Rc7 {[%clk 0:23:23]} 30. Rf2
{[%clk 0:01:46]} Kf8 {[%clk 0:22:37]} 31. g4 {[%clk 0:02:03]} Ke7
{[%clk 0:21:46]} 32. Kg2 {[%clk 0:02:30]} Bd3 {[%clk 0:21:02]} 33. Rb2
{[%clk 0:02:32]} f6 {[%clk 0:18:59]} 34. Kf2 {[%clk 0:02:24]} Bb5
{[%clk 0:18:34]} 35. Ke3 {[%clk 0:01:46]} Kf7 {[%clk 0:18:35]} 36. Rf2
{[%clk 0:02:06]} Kg6 {[%clk 0:14:48]} 37. exf6 {[%clk 0:02:30]} gxf6
{[%clk 0:15:12]} 38. Rxf6+ {[%clk 0:02:57]} Kg5 {[%clk 0:15:05]} 39. Rxe6
{[%clk 0:03:07]} Rf7 {[%clk 0:14:11]} 40. Re5+ {[%clk 0:03:18]} Kh4
{[%clk 0:14:01]} 41. Rh5+ {[%clk 0:03:04]} Kg3 {[%clk 0:14:14]} 42. Be5+
{[%clk 0:03:20]} Kg2 {[%clk 0:14:15]} 43. Rxh6 {[%clk 0:03:13]} Rf2
{[%clk 0:11:43]} 44. a3 {[%clk 0:02:50]} Rf3+ {[%clk 0:10:54]} 45. Kd4
{[%clk 0:03:13]} Bc4 {[%clk 0:09:56]} 46. h4 {[%clk 0:03:20]} Rd3+
{[%clk 0:09:06]} 47. Kc5 {[%clk 0:03:46]} Re3 {[%clk 0:09:25]} 48. Kd6
{[%clk 0:03:40]} Re4 {[%clk 0:09:20]} 49. g5 {[%clk 0:02:32]} Kh3
{[%clk 0:09:25]} 50. g6 {[%clk 0:02:35]} Rxh4 {[%clk 0:07:57]} 51. Rxh4+
{[%clk 0:02:53]} Kxh4 {[%clk 0:08:20]} 52. g7 {[%clk 0:02:41]} d4
{[%clk 0:08:27]} 53. cxd4 {[%clk 0:03:00]} Bf7 {[%clk 0:08:02]} 54. Kc5
{[%clk 0:03:17]} Kg5 {[%clk 0:08:21]} 55. Kd6 {[%clk 0:02:52]} Kg6
{[%clk 0:07:16]} 56. Ke7 {[%clk 0:02:57]} Bd5 {[%clk 0:06:54]} 57. Kd6
{[%clk 0:01:44]} Bf7 {[%clk 0:07:10]} 58. Kc6 {[%clk 0:02:03]} Kf5
{[%clk 0:06:10]} 59. d5 {[%clk 0:02:09]} Kxe5 {[%clk 0:05:47]} 60. d6
{[%clk 0:02:36]} Ke6 {[%clk 0:05:18]} 61. d7 {[%clk 0:03:01]} Ke7
{[%clk 0:04:58]} 62. Kc7 {[%clk 0:03:26]} Kf6 {[%clk 0:05:02]} 63. d8=Q+ Kxg7
{[%clk 0:05:26]} 64. Kb6 {[%clk 0:03:25]} Kg6 {[%clk 0:05:35]} 65. Kxa6
{[%clk 0:03:50]} Kf5 {[%clk 0:05:55]} 66. Kb6 {[%clk 0:04:02]} Ke5
{[%clk 0:06:07]} 67. Kc5 {[%clk 0:04:23]} Be6 {[%clk 0:06:23]} 68. a4
{[%clk 0:04:30]} Bf5 {[%clk 0:06:36]} 69. Qd5+ {[%clk 0:04:38]} Kf6
{[%clk 0:07:00]} 70. Qxf5+ {[%clk 0:05:01]} 1-0